000 01702cam a2200409 i 4500
001 193257
003 SpMaBN
005 20250804062655.0
007 ta
008 100525s2009 sp | |||| 000 f spa
017 _aM 51810-2009
_bOficina Depósito Legal Madrid
020 _a9788495140890
035 _a(OCoLC)868719997
035 _aa4758525
040 _aSpMaBN
_bspa
_cSpMaBN
_erdc
080 _a821.134.2-31"19"
100 1 _aNistal, Gloria
_0XX1740682
_eaut
_9234310
245 1 4 _aLos ríos del alma /
_cGloria Nistal Rosique
250 _aPrimera edición: 2009
260 _aMadrid :
_bSial,
_c2009
300 _a399 páginas ;
_c21 cm
336 _2rdacontent
_aTexto
337 _2rdamedia
_asin mediación
338 _2rdacarrier
_avolumen
490 1 _aSial narrativa;
_v62
500 _aÍndice
520 _a¿Es lo que se nos cuenta en esta novela ficción o retazos de experiencias de su autora? Gloria Nistal denomina autonarrativa a un género que participa de ambos aspectos, y al que añade abundantes reflexiones sobre la justicia, el dolor, la amistad, la esperanza, los problemas de los jóvenes, la maternidad y sobre todo el amor como camino hacia la realización personal.
655 0 _aNovelas
_9234319
830 _aSial narrativa
_9183229
852 _aES-MaACL
_bR. 154657
_cDEPOJ
_9200687
_xEncuadernación rústica con solapas
_hDonación: Gloria Nistal
_jN-9429
903 _aNistal, Gloria
_ednr
_9234310
942 _n0
_cMONOGRAFIA
999 _c193257
_d193257